Normal view
MARC view
- بقلم سارندرز، هارولد ه.؛ ترجمة عبد الفتاح، حسين
Entry Personal Name
001 - CONTROL NUMBER
- control field: 7099
003 - CONTROL NUMBER IDENTIFIER
- control field: JO-AjAnu
005 - DATE AND TIME OF LATEST TRANSACTION
- control field: 20230606071441.0
008 - FIXED-LENGTH DATA ELEMENTS
- fixed length control field: 230606|| aca||aabn | a|a d
040 ## - CATALOGING SOURCE
- Original cataloging agency: JO-AjAnu
- Transcribing agency: JO-AjAnu
100 ## - HEADING--PERSONAL NAME
- Personal name: بقلم سارندرز، هارولد ه.؛ ترجمة عبد الفتاح، حسين
670 ## - SOURCE DATA FOUND
- Source citation: Work cat.: (JO-AjAnu)3675: بقلم سارندرز، هارولد ه.؛ ترجمة عبد الفتاح، حسين, author, الجدران الاخرى : سياسة عملية السلام العربي- الاسرائيلي